| 000 | 00832nam a22002057a 4500 | ||
|---|---|---|---|
| 999 |
_c8823 _d8823 |
||
| 003 | AR-CdUCM | ||
| 008 | 190326b ||||| |||| 00| 0 spa d | ||
| 040 |
_aMUNICIPALIDAD PROVINCIAL DEL CUSCO _cBIBLIOTECA MUNICIPAL DEL CUSCO |
||
| 082 |
_a305.562 / _bJ6 |
||
| 110 |
_aJuventud Obrera Católica _924576 |
||
| 245 | _aJóvenes de la clase obrera / | ||
| 260 |
_aLima : _bEdiciones José Cardijn, _c1983. |
||
| 300 |
_a204 páginas ; _c21 cm. |
||
| 505 | _aContenido: ¿quienes somos los jóvenes trabajadores? -- Condiciones de vida de trabajo -- Amor, sexo, religión, futuro aspiraciones -- Organizarnos y luchar como clase obrera ... | ||
| 650 |
_aClase obrera - Jóvenes _924577 |
||
| 650 |
_aProletariado - Juventud _924578 |
||
| 650 |
_aCondiciones de trabajo - Juventud _924579 |
||
| 942 |
_2ddc _cLIBROS |
||
| 945 | _alccs | ||